000 00645nam a2200193Ia 4500
008 260428s9999 xx 000 0 und d
020 _a9789561418103
082 _a342.83 F363p 2016
100 _aFermandois Vohringer, Arturo, editor
_935786
245 0 _aPrincipios, valores e instituciones: el departamento de derecho público UC ante el cambio constitucional: reflexiones y propuestas
260 _aEdiciones Universidad Católica de Chile
260 _bSantiago, Chile
260 _c2016
300 _a172p.
650 _aChile
_9121
650 _aDerecho Constitucional
_91698
650 _aDerechos Civiles
_9729
942 _clibro
999 _c20525
_d20525